书目信息 |
| 题名: |
当代国外社会主义
|
|
| 作者: | 王中兴 著 | |
| 分册: | ||
| 出版信息: | 沈阳 辽宁大学出版社 1987 |
|
| 页数: | 325页 | |
| 开本: | 20cm | |
| 丛书名: | ||
| 单 册: | ||
| 中图分类: | D033.4 | |
| 科图分类: | ||
| 主题词: | 社会主义国家--政治制度 | |
| 电子资源: | ||
| ISBN: | 7-5610-0057-X | |
| 000 | 00627nam0 2200217 45 | |
| 001 | 0187016740 | |
| 005 | 20050324110709.7 | |
| 010 | @a7-5610-0057-X@dCNY1.80 | |
| 100 | @a19951111d1987 em y0chiy0121 ea | |
| 101 | 0 | @achi |
| 102 | @aCN@b210000 | |
| 105 | @ay z 000yy | |
| 200 | 10 | @a当代国外社会主义@Adang dai guo wai she hui zhu yi@f王中兴等著@FWang Zhong Xing Deng Zhu |
| 210 | @a沈阳@c辽宁大学出版社@d1987 | |
| 215 | @a325页@d20cm | |
| 606 | @a社会主义国家@x政治制度 | |
| 690 | @aD033.4@v3 | |
| 701 | 0 | @a王中兴@4著 |
| 801 | 0 | @aCN@b深圳图书馆@c20040429 |
| 801 | 2 | @aCN@bNLC@c20040429 |
| 905 | @dD033.4@e10@f1@b204435 | |
| 当代国外社会主义/王中兴等著.-沈阳:辽宁大学出版社,1987 |
| 325页;20cm |
| ISBN 7-5610-0057-X:CNY1.80 |
| ● |
| 相关链接 |
|
|
|
|
正题名:当代国外社会主义
索取号:D033.4/10
 
预约/预借
| 序号 | 登录号 | 条形码 | 馆藏地/架位号 | 状态 | 备注 |
| 1 | 0204435 | 001987041 | 密集书库/ [索取号:D033.4/10] | 在馆 | |
| 2 | 0204436 | 001020503 | 密集书库/ [索取号:D033.4/10] | 在馆 | |
| 3 | 0204437 | 001020497 | 第一样本阅览室/ [索取号:D033.4/10] | 在馆 |